LEADER 01325nam0-2200385---450- 001 990009852140403321 005 20140423141610.0 035 $a000985214 035 $aFED01000985214 035 $a(Aleph)000985214FED01 035 $a000985214 100 $a20140423g19671968km-y0itay50------ba 101 1 $afre 102 $aLB 105 $aa-------001yy 200 1 $aDiscours sur l'histoire universelle$fIbn Khaldûn$gtraduction nouvelle, preface et notes par Vincent Monteil 210 $aBeyrouth$cCommission internationale pour la traduction des chefs-d'oeuvre$d1967-1968 215 $a3 v.$cill.$d23 cm 225 1 $aCollection Unesco d'oeuvres représentatives$iSérie Arabe 327 0 $a1.: 1967. - XXXIX, 476 p., [9] c. di tav. 454 0$12001$aAl-Muqaddima <1402>$941916 610 0 $aFilosofia della storia$aSec. 14. 610 0 $aCivilizzazione islamica$aSec. 14. 610 0 $aStoriografia$aStoria$aSec. 14. 610 0 $aStoria universale$aStoriografia$aSec. 14. 676 $a907.2024 700 0$aIbn Khaldun$f<1332-1406>$0329570 702 1$aMonteil,$bVincent$f<1913-2005> 801 0$aIT$bUNINA$gRICA$2UNIMARC 901 $aBK 912 $a990009852140403321 952 $a907.202 IBN 1 (1)$b42230 bibl.$fFLFBC 959 $aFLFBC 996 $aAl-Muqaddima$941916 997 $aUNINA LEADER 02079oas 2200829 a 450 001 9910143073703321 005 20251106213014.0 011 $a1778-4026 035 $a(DE-599)ZDB2145844-3 035 $a(DE-599)2145844-3 035 $a(OCoLC)54836680 035 $a(CONSER) 2005249158 035 $a(CKB)111079962192024 035 $a(EXLCZ)99111079962192024 100 $a20040330b20042005 sy 101 0 $afre 135 $aurcnu|||||||| 181 $ctxt$2rdacontent 182 $cc$2rdamedia 183 $acr$2rdacarrier 200 00$aEMC$iORL 210 $a[Paris] $c[E?ditions scientifique et medicales Elsevier SAS]$d2004-2005 215 $a1 online resource 311 08$a1762-5688 517 1 $aEncyclope?die Me?dico-Chirurgicale. 517 3 $aEMC. 517 3 $aOto-rhino-laryngologie 606 $aOtolaryngology$vPeriodicals 606 $aOtolaryngology 606 $aOtorhinolaryngologic Diseases 606 $aOtolaryngology$2fast$3(OCoLC)fst01048946 606 $aOto-rhino-laryngologie$2rasuqam 608 $aPeriodicals.$2fast 608 $aPe?riodique e?lectronique (Descripteur de forme)$2rasuqam 608 $aRessource Internet (Descripteur de forme)$2rasuqam 615 0$aOtolaryngology 615 2$aOtolaryngology. 615 2$aOtorhinolaryngologic Diseases. 615 7$aOtolaryngology. 615 17$aOto-rhino-laryngologie. 801 0$bOUN 801 1$bOUN 801 2$bOCLCQ 801 2$bCGU 801 2$bOCL 801 2$bZYU 801 2$bUQ1 801 2$bGUA 801 2$bOCLCQ 801 2$bOCLCF 801 2$bOCLCQ 801 2$bLIP 801 2$bOCLCO 801 2$bOCLCA 801 2$bU3W 801 2$bOCLCO 801 2$bCRU 801 2$bOCLCO 801 2$bAU@ 801 2$bOCLCO 801 2$bWYU 801 2$bOCLCO 801 2$bOCLCA 801 2$bNJT 801 2$bCUS 801 2$bOCLCO 801 2$bUKMGB 801 2$bOCLCQ 906 $aJOURNAL 912 $a9910143073703321 996 $aEMC$91890538 997 $aUNINA